| 000 | 00615nam a22001337a 4500 | ||
|---|---|---|---|
| 040 | _cRUA | ||
| 082 | _aAVM CHE 2009 B088 Or1 | ||
| 100 | _aCHEY SOPHEAP | ||
| 245 | _aHousehold buffaloes raising at borribo district, kompong chhnang province, (ការចិញ្ចឹមក្របីជាលក្ខណះគ្រួសារ នៅស្រុកបរិបូណ៍ ខេត្តកំពង់ឆ្នំាង) | ||
| 260 |
_aphnom penh _brua _c2009 |
||
| 300 |
_axi, 53p. _bill. _c29cm. |
||
| 856 | _uhttps://drive.google.com/file/d/1vjeYhnjmyMamgedN9WOZCXlBBtMboEXC/view?usp=sharing | ||
| 942 | _cAVM | ||
| 999 |
_c2315 _d2315 |
||